Výtvarné spektrum 2021 Prešovský kraj krajské kolo 58. ročníka celoštátnej postupovej súťaže a výstavy neprofesionálnej výtvarnej tvorby

Bibliographic Details
Corporate Author: Výtvarné spektrum Humenné, Slovensko (Author)
Other Authors: Kataniková, Dana (Compiler)
Format: Conference Proceeding Book
Language:Slovak
PhysicalDescription:16 strán farebné fotografie 30 cm
Published: Humenné Vihorlatské múzeum v Humennom [2021]
ISBN:9788099938077
Subjects:

MARC

LEADER 00000cam a2200000 4500
001 vtls012150342
003 SK-MaSNL
005 20260302062656.0
008 220929s2021 xo o e c 000 0 slo
015 |a SNBE2022 
020 |a 9788099938077  |q (brožované) 
040 |a SNK  |b slo  |c SNK  |e rda 
041 0 |a slo 
043 |a e-xo--- 
044 |a xo  |c SK 
072 7 |a 72/76  |x Výtvarné umenie  |2 konspekt 
080 |a 72/76.092  |2 2011 
080 |a 72/76(437.6)  |2 2011 
080 |a 72/76.077  |2 2011 
080 |a (437.6)  |2 2011 
080 |a (083.824)  |2 2011 
080 |a (437.671)  |2 2011 
111 2 |a Výtvarné spektrum  |n (58. :  |d 2021 :  |c Humenné, Slovensko)  |4 aut  |9 722952 
245 1 0 |a Výtvarné spektrum 2021 Prešovský kraj  |b krajské kolo 58. ročníka celoštátnej postupovej súťaže a výstavy neprofesionálnej výtvarnej tvorby  |c zostavila: Dana Kataniková 
264 1 |a Humenné  |b Vihorlatské múzeum v Humennom  |c [2021] 
300 |a 16 strán  |b farebné fotografie  |c 30 cm 
336 |a text  |b txt  |2 rdacontent 
336 |a statický obraz  |b sti  |2 rdacontent 
337 |a bez média  |b n  |2 rdamedia 
338 |a zväzok  |b nc  |2 rdacarrier 
366 |e 60 kusov 
500 |a Výstava: Galerijná sieň Oresta Dubaya Vihorlatského múzea v Humennom, 1.-25. júl 2021 
500 |a Názov z obálky 
611 2 7 |a Výtvarné spektrum  |n (58. :  |d 2021 :  |c Humenné, Slovensko)  |2 SNKKA  |9 722952 
648 7 |a 2021  |2 SNKPH  |9 368183 
650 0 7 |a slovenské výtvarné umenie  |2 SNKPH  |9 68597 
650 0 7 |a Art competitions  |2 SNKPHeng  |9 291754 
650 0 7 |a Slovak art  |2 SNKPHeng  |9 275442 
650 0 7 |a Amateur art  |2 SNKPHeng  |9 270759 
650 0 7 |a amatérske umenie  |2 SNKPH  |9 299479 
650 0 7 |a výtvarné súťaže  |2 SNKPH  |9 2910 
651 7 |a Humenné (Slovakia)  |2 SNKPHeng  |9 332817 
651 7 |a Prešov Region (Slovakia)  |2 SNKPHeng  |9 266393 
651 7 |a Prešovský kraj (Slovensko)  |2 SNKPHgeo  |9 161504 
651 7 |a Humenné (Slovensko)  |2 SNKPHgeo  |9 19199 
655 7 |a katalógy výstav  |2 SNKPH  |9 70445 
655 7 |a Exhibition catalogs  |2 SNKPHeng  |9 266232 
700 1 |a Kataniková, Dana  |4 com  |9 442832 
852 |a Štátna vedecká knižnica v Banskej Bystrici 
919 |a 978-80-99938-07-7 
954 |a obrazové publikácie zamerané na výtvarné umenie a fotografiu pôvodné (slovenské)  |2 lita 
999 |c 1130152  |d 1132082 
952 |a SNK  |b SNK  |y PREZ  |7 0  |p 17A1515038  |o snkOSB 20814  |i snk2022/16935  |8 0  |0 0  |1 0  |4 0  |d 2022-11-10  |l 0  |r 2026-02-24 18:59:26  |w 2026-02-24